[Event "Chess Masters Gent 2023"]
[Site "Ghent, Belgium"]
[Date "2023.07.18"]
[Round "8.6"]
[White "Miedema, David"]
[Black "Van Der Stricht, Geert"]
[Result "1-0"]
[TimeControl "90'/40 + 30' + 30\"/M"]
[WhiteTitle "IM"]
[BlackTitle "IM"]
[WhiteFideId "1018477"]
[BlackFideId "201324"]
[WhiteElo "2375"]
[BlackElo "2329"]

1. e4 {[%clk 01:30:51]} {[%emt 00:00:02]} c5 {[%clk 01:30:45]} {[%emt
00:00:21]} 2. Nf3 {[%clk 01:31:17]} {[%emt 00:00:05]} d6 {[%clk 01:31:01]}
{[%emt 00:00:15]} 3. d4 {[%clk 01:31:42]} {[%emt 00:00:05]} cxd4 {[%clk
01:31:07]} {[%emt 00:00:24]} 4. Nxd4 {[%clk 01:32:08]} {[%emt 00:00:04]} Nf6
{[%clk 01:31:30]} {[%emt 00:00:06]} 5. Nc3 {[%clk 01:32:30]} {[%emt 00:00:09]}
a6 {[%clk 01:31:30]} {[%emt 00:00:31]} 6. Be3 {[%clk 01:32:39]} {[%emt
00:00:20]} e6 {[%clk 01:22:37]} {[%emt 00:09:24]} 7. f3 {[%clk 01:31:17]}
{[%emt 00:01:51]} Be7 {[%clk 01:21:40]} {[%emt 00:01:28]} 8. Qd2 {[%clk
01:31:39]} {[%emt 00:00:08]} b5 {[%clk 01:20:49]} {[%emt 00:01:21]} 9. g4
{[%clk 01:24:09]} {[%emt 00:08:00]} Bb7 {[%clk 01:17:57]} {[%emt 00:03:23]} 10.
O-O-O {[%clk 01:19:14]} {[%emt 00:05:24]} Nfd7 {[%clk 01:07:19]} {[%emt
00:11:08]} 11. a3 {[%clk 01:02:55]} {[%emt 00:16:50]} Nc6 {[%clk 00:58:35]}
{[%emt 00:09:13]} 12. Kb1 {[%clk 00:59:45]} {[%emt 00:03:40]} Nce5 {[%clk
00:52:31]} {[%emt 00:06:34]} 13. h4 {[%clk 00:52:14]} {[%emt 00:08:01]} Nb6
{[%clk 00:36:19]} {[%emt 00:16:42]} 14. Qf2 {[%clk 00:52:38]} {[%emt 00:00:06]}
Nbc4 {[%clk 00:33:27]} {[%emt 00:03:21]} 15. Bc1 {[%clk 00:52:48]} {[%emt
00:00:20]} Rc8 {[%clk 00:33:04]} {[%emt 00:00:53]} 16. b3 {[%clk 00:49:25]}
{[%emt 00:03:53]} Nxa3+ {[%clk 00:22:58]} {[%emt 00:10:37]} 17. Bxa3 {[%clk
00:49:49]} {[%emt 00:00:05]} Rxc3 {[%clk 00:23:24]} {[%emt 00:00:04]} 18. Bb2
{[%clk 00:50:07]} {[%emt 00:00:12]} Qc8 {[%clk 00:18:52]} {[%emt 00:05:01]} 19.
Bxc3 {[%clk 00:42:43]} {[%emt 00:07:55]} Qxc3 {[%clk 00:19:17]} {[%emt
00:00:04]} 20. Qd2 {[%clk 00:43:09]} {[%emt 00:00:03]} Qc5 {[%clk 00:17:41]}
{[%emt 00:02:05]} 21. g5 {[%clk 00:42:29]} {[%emt 00:01:11]} Nd7 {[%clk
00:13:16]} {[%emt 00:04:55]} 22. Bh3 {[%clk 00:35:28]} {[%emt 00:07:31]} O-O
{[%clk 00:10:59]} {[%emt 00:02:47]} 23. Nxe6 {[%clk 00:35:10]} {[%emt
00:00:49]} fxe6 {[%clk 00:11:08]} {[%emt 00:00:21]} 24. Bxe6+ {[%clk 00:35:37]}
{[%emt 00:00:03]} Kh8 {[%clk 00:11:32]} {[%emt 00:00:05]} 25. Bxd7 {[%clk
00:36:04]} {[%emt 00:00:04]} Rxf3 {[%clk 00:11:52]} {[%emt 00:00:10]} 26. Rhf1
{[%clk 00:29:01]} {[%emt 00:07:33]} Rxf1 {[%clk 00:10:16]} {[%emt 00:02:06]} 27.
Rxf1 {[%clk 00:29:23]} {[%emt 00:00:08]} Bxe4 {[%clk 00:10:40]} {[%emt
00:00:06]} 28. Qf2 {[%clk 00:29:28]} {[%emt 00:00:25]} Qd5 {[%clk 00:10:28]}
{[%emt 00:00:42]} 29. Ka2 {[%clk 00:26:26]} {[%emt 00:03:32]} h6 {[%clk
00:07:14]} {[%emt 00:03:44]} 30. gxh6 {[%clk 00:19:42]} {[%emt 00:07:13]} Bf6
{[%clk 00:07:27]} {[%emt 00:00:17]} 31. hxg7+ {[%clk 00:19:43]} {[%emt
00:00:30]} Bxg7 {[%clk 00:07:44]} {[%emt 00:00:13]} 32. Qf7 {[%clk 00:17:09]}
{[%emt 00:03:03]} Qe5 {[%clk 00:05:20]} {[%emt 00:02:54]} 33. Qe8+ {[%clk
00:14:29]} {[%emt 00:03:11]} Qxe8 {[%clk 00:05:45]} {[%emt 00:00:05]} 34. Bxe8
{[%clk 00:14:57]} {[%emt 00:00:02]} Bxc2 {[%clk 00:06:07]} {[%emt 00:00:09]} 35.
Rc1 {[%clk 00:13:36]} {[%emt 00:01:50]} Be4 {[%clk 00:05:56]} {[%emt 00:00:41]}
36. Rc7 {[%clk 00:11:45]} {[%emt 00:02:21]} Bd4 {[%clk 00:02:57]} {[%emt
00:03:28]} 37. Bc6 {[%clk 00:10:52]} {[%emt 00:01:24]} Bd3 {[%clk 00:02:46]}
{[%emt 00:00:40]} 38. Rb7 {[%clk 00:08:18]} {[%emt 00:03:05]} Bc5 {[%clk
00:01:33]} {[%emt 00:01:43]} 39. Kb2 {[%clk 00:05:20]} {[%emt 00:03:29]} b4
{[%clk 00:00:45]} {[%emt 00:01:18]} 40. Bd5 {[%clk 00:04:52]} {[%emt 00:00:57]}
Bd4+ {[%clk 00:00:31]} {[%emt 00:00:45]} 41. Ka2 {[%clk 00:29:51]} {[%emt
00:05:31]} Bc5 {[%clk 00:30:41]} {[%emt 00:00:20]} 42. Re7 {[%clk 00:26:06]}
{[%emt 00:04:14]} a5 {[%clk 00:29:54]} {[%emt 00:01:17]} 43. h5 {[%clk
00:26:24]} {[%emt 00:00:11]} Bd4 {[%clk 00:29:08]} {[%emt 00:01:17]} 44. Be4
{[%clk 00:25:35]} {[%emt 00:01:19]} Bxe4 {[%clk 00:28:47]} {[%emt 00:00:51]} 45.
Rxe4 {[%clk 00:26:00]} {[%emt 00:00:04]} Be5 {[%clk 00:29:13]} {[%emt
00:00:05]} 46. Rg4 {[%clk 00:26:21]} {[%emt 00:00:10]} Kh7 {[%clk 00:28:28]}
{[%emt 00:01:15]} 47. Rg6 {[%clk 00:26:46]} {[%emt 00:00:04]} Bf4 {[%clk
00:28:03]} {[%emt 00:00:55]} 48. Kb1 {[%clk 00:27:01]} {[%emt 00:00:15]} d5
{[%clk 00:24:04]} {[%emt 00:04:29]} 49. Ra6 {[%clk 00:27:18]} {[%emt 00:00:13]}
Bd2 {[%clk 00:23:36]} {[%emt 00:00:58]} 50. Kc2 {[%clk 00:27:06]} {[%emt
00:00:42]} Bc3 {[%clk 00:23:58]} {[%emt 00:00:08]} 51. Rxa5 {[%clk 00:27:32]}
{[%emt 00:00:04]} d4 {[%clk 00:24:23]} {[%emt 00:00:05]} 52. Ra6 {[%clk
00:27:59]} {[%emt 00:00:03]} Kg7 {[%clk 00:24:46]} {[%emt 00:00:07]} 53. Kd3
{[%clk 00:28:23]} {[%emt 00:00:05]} Kh7 {[%clk 00:25:08]} {[%emt 00:00:09]} 54.
Rd6 {[%clk 00:28:31]} {[%emt 00:00:23]} Kg7 {[%clk 00:25:24]} {[%emt 00:00:13]}
55. Rxd4 {[%clk 00:28:55]} {[%emt 00:00:05]} Kh6 {[%clk 00:25:51]} {[%emt
00:00:03]} 56. Rd5 {[%clk 00:29:19]} {[%emt 00:00:07]} Be1 {[%clk 00:26:08]}
{[%emt 00:00:13]} 57. Kc4 {[%clk 00:29:44]} {[%emt 00:00:04]} 1-0

[Event "Chess Masters Gent 2023"]
[Site "Ghent, Belgium"]
[Date "2023.07.18"]
[Round "8.7"]
[White "De Waele, Warre"]
[Black "Dauw, Sterre"]
[Result "1/2-1/2"]
[TimeControl "90'/40 + 30' + 30\"/M"]
[WhiteTitle "FM"]
[BlackTitle "FM"]
[WhiteFideId "241156"]
[BlackFideId "248886"]
[WhiteElo "2350"]
[BlackElo "2244"]

1. d4 {[%clk 01:30:56]} {[%emt 00:00:02]} Nf6 {[%clk 01:29:53]} {[%emt
00:01:07]} 2. c4 {[%clk 01:31:09]} {[%emt 00:00:17]} e6 {[%clk 01:30:00]}
{[%emt 00:00:24]} 3. Nc3 {[%clk 01:30:57]} {[%emt 00:00:42]} Bb4 {[%clk
01:30:22]} {[%emt 00:00:07]} 4. Bd2 {[%clk 01:30:17]} {[%emt 00:01:11]} O-O
{[%clk 01:30:08]} {[%emt 00:00:44]} 5. e3 {[%clk 01:30:41]} {[%emt 00:00:06]}
b6 {[%clk 01:28:10]} {[%emt 00:02:28]} 6. Bd3 {[%clk 01:25:25]} {[%emt
00:05:46]} Bb7 {[%clk 01:23:19]} {[%emt 00:05:21]} 7. Nf3 {[%clk 01:25:23]}
{[%emt 00:00:33]} d5 {[%clk 01:21:27]} {[%emt 00:02:22]} 8. cxd5 {[%clk
01:25:46]} {[%emt 00:00:06]} exd5 {[%clk 01:21:51]} {[%emt 00:00:05]} 9. Rc1
{[%clk 01:23:28]} {[%emt 00:02:48]} a6 {[%clk 01:20:05]} {[%emt 00:02:16]} 10.
Ne5 {[%clk 01:22:45]} {[%emt 00:01:12]} Nbd7 {[%clk 01:19:04]} {[%emt
00:01:31]} 11. a3 {[%clk 01:17:30]} {[%emt 00:05:46]} Nxe5 {[%clk 01:14:51]}
{[%emt 00:04:42]} 12. dxe5 {[%clk 01:17:54]} {[%emt 00:00:06]} Bxc3 {[%clk
01:15:16]} {[%emt 00:00:06]} 13. Bxc3 {[%clk 01:17:43]} {[%emt 00:00:41]} Ne4
{[%clk 01:15:39]} {[%emt 00:00:06]} 14. Bxe4 {[%clk 01:16:52]} {[%emt
00:01:22]} dxe4 {[%clk 01:16:03]} {[%emt 00:00:06]} 15. Qg4 {[%clk 01:12:22]}
{[%emt 00:04:59]} Qe7 {[%clk 01:15:28]} {[%emt 00:01:06]} 16. b4 {[%clk
00:55:50]} {[%emt 00:17:02]} Qe6 {[%clk 01:06:50]} {[%emt 00:09:08]} 17. Qg3
{[%clk 00:51:04]} {[%emt 00:05:17]} Rfc8 {[%clk 00:52:00]} {[%emt 00:15:19]} 18.
O-O {[%clk 00:48:37]} {[%emt 00:02:57]} c5 {[%clk 00:51:42]} {[%emt 00:00:48]}
19. Rcd1 {[%clk 00:39:21]} {[%emt 00:09:45]} cxb4 {[%clk 00:37:55]} {[%emt
00:14:17]} 20. Bxb4 {[%clk 00:39:07]} {[%emt 00:00:45]} Bd5 {[%clk 00:37:51]}
{[%emt 00:00:33]} 21. h3 {[%clk 00:36:43]} {[%emt 00:02:54]} a5 {[%clk
00:35:44]} {[%emt 00:02:37]} 22. Bd6 {[%clk 00:36:59]} {[%emt 00:00:14]} Bc4
{[%clk 00:35:31]} {[%emt 00:00:43]} 23. Rfe1 {[%clk 00:36:04]} {[%emt
00:01:24]} Bd3 {[%clk 00:35:41]} {[%emt 00:00:20]} 24. Rc1 {[%clk 00:31:59]}
{[%emt 00:04:36]} b5 {[%clk 00:35:09]} {[%emt 00:01:02]} 25. Bc5 {[%clk
00:27:31]} {[%emt 00:04:58]} h6 {[%clk 00:34:32]} {[%emt 00:01:06]} 26. Kh2
{[%clk 00:23:00]} {[%emt 00:05:01]} Rc6 {[%clk 00:33:57]} {[%emt 00:01:06]} 27.
Be7 {[%clk 00:20:38]} {[%emt 00:02:53]} Kh7 {[%clk 00:32:42]} {[%emt 00:01:44]}
28. Rxc6 {[%clk 00:17:43]} {[%emt 00:03:25]} Qxc6 {[%clk 00:33:03]} {[%emt
00:00:07]} 29. Bd6 {[%clk 00:18:01]} {[%emt 00:00:15]} Qc4 {[%clk 00:33:14]}
{[%emt 00:00:19]} 30. Qg4 {[%clk 00:15:38]} {[%emt 00:02:52]} b4 {[%clk
00:29:34]} {[%emt 00:04:11]} 31. axb4 {[%clk 00:15:58]} {[%emt 00:00:10]} axb4
{[%clk 00:29:57]} {[%emt 00:00:06]} 32. e6 {[%clk 00:13:38]} {[%emt 00:02:51]}
fxe6 {[%clk 00:24:49]} {[%emt 00:05:37]} 33. Be5 {[%clk 00:13:48]} {[%emt
00:00:20]} Ra7 {[%clk 00:25:14]} {[%emt 00:00:06]} 34. Ra1 {[%clk 00:08:36]}
{[%emt 00:05:42]} Rb7 {[%clk 00:19:28]} {[%emt 00:06:15]} 35. h4 {[%clk
00:05:40]} {[%emt 00:03:26]} Qd5 {[%clk 00:19:30]} {[%emt 00:00:27]} 36. Qg3
{[%clk 00:04:50]} {[%emt 00:01:19]} Be2 {[%clk 00:17:22]} {[%emt 00:02:38]} 37.
Ra8 {[%clk 00:03:08]} {[%emt 00:02:13]} b3 {[%clk 00:16:31]} {[%emt 00:01:21]}
38. Rb8 {[%emt 00:03:09]} Rf7 {[%clk 00:15:03]} 39. Rf8 {[%clk 00:01:28]}
{[%emt 00:01:29]} Rb7 {[%clk 00:08:52]} {[%emt 00:06:41]} 40. Rb8 {[%clk
00:01:53]} {[%emt 00:00:05]} Rf7 {[%clk 00:09:05]} {[%emt 00:00:16]} 41. Rf8
{[%clk 00:01:11]} {[%emt 00:01:12]} Rb7 {[%clk 00:09:29]} {[%emt 00:00:06]}
1/2-1/2